Cyclisme : top 3 de chaque étape du Tour de France 2025 - Statistiques

Statistiques générales
  • Ce quiz a été pris 865 fois
  • Le résultat moyen est 45 sur 63
Statistiques - réponses
% Correct
Étape 4 Tadej Pogacar
100%
Étape 7 Tadej Pogacar
100%
Étape 12 Tadej Pogacar
100%
Étape 13 Tadej Pogacar
100%
Tadej Pogacar
100%
Tadej Pogacar
100%
Tadej Pogacar
100%
Tadej Pogacar
100%
Tadej Pogacar
100%
Jonas Vingegaard
97%
Jonas Vingegaard
97%
Jonas Vingegaard
97%
Jonas Vingegaard
97%
Jonas Vingegaard
97%
Jonas Vingegaard
97%
Jonas Vingegaard
97%
Jonas Vingegaard
97%
Étape 21 Wout Van Aert
96%
Wout Van Aert
96%
Étape 2 Mathieu Van Der Poel
94%
Mathieu Van Der Poel
94%
Mathieu Van Der Poel
94%
Étape 1 Jasper Philipsen
93%
Étape 6 Ben Healy
88%
Ben Healy
88%
Ben Healy
88%
Étape 5 Remco Evenepoel
88%
Étape 8 Jonathan Milan
87%
Étape 17 Jonathan Milan
87%
Jonathan Milan
87%
Jonathan Milan
87%
Étape 3 Tim Merlier
83%
Étape 9 Tim Merlier
83%
Étape 14 Thymen Arensman
82%
Étape 19 Thymen Arensman
82%
Thymen Arensman
82%
Étape 16 Valentin Paret-Peintre
82%
Biniam Girmay
77%
Étape 10 Simon Yates
73%
Florian Lipowitz
66%
Étape 18 Ben O'Connor
63%
Étape 20 Kaden Groves
61%
Kaden Groves
61%
Étape 15 Tim Wellens
59%
Étape 11 Jonas Abrahamsen
56%
Julian Alaphilippe
56%
Primoz Roglic
52%
Oscar Onley
51%
Arnaud De Lie
40%
Victor Campenaerts
39%
Quinn Simmons
36%
Mauro Schmid
34%
Davide Ballerini
33%
Santiago Buitrago
31%
Matej Mohoric
29%
Jordi Meeus
22%
Edoardo Affini
21%
Michael Storer
21%
Phil Bauhaus
20%
Frank Van Den Broek
17%
Soren Waerenskjold
11%
Tobias Lund Andresen
8%
Pascal Eenkhoorn
5%
Aucun quiz correspondant
Distribution des résultats
% des personnes avec chaque résultat
Percentile par nombre de réponses
Votre historique - résultats
Vous n’avez pas pris ce quiz